<?xml version="1.0" encoding="UTF-8"?>
<collection xmlns="http://www.loc.gov/MARC21/slim">
 <record>
  <leader>02331nam a2200277 a 4500</leader>
  <controlfield tag="001">1/49487</controlfield>
  <controlfield tag="008">201019s2019    gr       b    00010 gre  </controlfield>
  <datafield tag="020" ind1=" " ind2=" ">
   <subfield code="a">9789604992904</subfield>
  </datafield>
  <datafield tag="035" ind1=" " ind2=" ">
   <subfield code="l">52496</subfield>
  </datafield>
  <datafield tag="040" ind1=" " ind2=" ">
   <subfield code="a">GR-PeUP</subfield>
  </datafield>
  <datafield tag="082" ind1="0" ind2="0">
   <subfield code="a">302.23 ΣΚΑ</subfield>
  </datafield>
  <datafield tag="100" ind1="1" ind2=" ">
   <subfield code="a">Σκαρπέλος, Γιάννης Π.</subfield>
  </datafield>
  <datafield tag="245" ind1="1" ind2="3">
   <subfield code="a">Τα αβέβαια σημεία /</subfield>
   <subfield code="c">Γιάννης Σκαρπέλος.</subfield>
  </datafield>
  <datafield tag="260" ind1="0" ind2=" ">
   <subfield code="a">Αθήνα :</subfield>
   <subfield code="b">Εκδόσεις Τόπος,</subfield>
   <subfield code="c">2019.</subfield>
  </datafield>
  <datafield tag="300" ind1=" " ind2=" ">
   <subfield code="a">206 σ. :</subfield>
   <subfield code="b">εικ. ;</subfield>
   <subfield code="c">24 εκ.</subfield>
  </datafield>
  <datafield tag="500" ind1=" " ind2=" ">
   <subfield code="a">Περίληψη: Ο Roland Barthes προσμετρούσε το χρώμα στα &quot;αβέβαια σημεία&quot;, και δεν είχε άδικο. Ο Jean-Marie Floch υποστήριξε πως το χρώμα είναι ημι-συμβολικό, κάτι που εξηγεί τον &quot;τρόμο των αβέβαιων σημείων&quot;. Για να απαντήσουμε, όμως, στον τρόμο -για να διαμορφώσουμε μια σημειωτική των αβέβαιων σημείων, που πλέον εγγράφονται στη σφαίρα των μεγάλων οπτικών δεδομένων- χρειαζόμαστε στέρεες θεωρητικές αφετηρίες, σύνθετη μεθοδολογία, και διάθεση για πειραματισμό. Το βιβλίο Τα Αβέβαια Σημεία πειραματίζεται με την ιδέα της υπολογιστικής σημειωτικής και επιχειρεί μια ανάλυση των χρωμάτων για τα περισσότερα από 60.000 εξώφυλλα της ελληνικής δισκογραφίας από το 1960 μέχρι σήμερα.</subfield>
  </datafield>
  <datafield tag="504" ind1=" " ind2=" ">
   <subfield code="a">Βιβλιογραφία: σ. 199-206.</subfield>
  </datafield>
  <datafield tag="650" ind1=" " ind2="4">
   <subfield code="a">Οπτική κοινωνιολογία.</subfield>
  </datafield>
  <datafield tag="650" ind1=" " ind2="4">
   <subfield code="a">Χρώμα</subfield>
   <subfield code="x">Κοινωνικές απόψεις.</subfield>
  </datafield>
  <datafield tag="650" ind1=" " ind2="4">
   <subfield code="a">Σημειωτική.</subfield>
  </datafield>
  <datafield tag="650" ind1=" " ind2="4">
   <subfield code="a">Δίσκοι (Μουσική)</subfield>
   <subfield code="z">Ελλάδα.</subfield>
  </datafield>
  <datafield tag="650" ind1=" " ind2="4">
   <subfield code="a">Visual sociology.</subfield>
  </datafield>
  <datafield tag="650" ind1=" " ind2="4">
   <subfield code="a">Color</subfield>
   <subfield code="x">Social aspects.</subfield>
  </datafield>
  <datafield tag="650" ind1=" " ind2="4">
   <subfield code="a">Semiotics.</subfield>
  </datafield>
  <datafield tag="650" ind1=" " ind2="4">
   <subfield code="a">Records (Music)</subfield>
   <subfield code="z">Greece.</subfield>
  </datafield>
  <datafield tag="852" ind1=" " ind2=" ">
   <subfield code="a">INST</subfield>
   <subfield code="b">UNIPILB</subfield>
   <subfield code="c">MAIN</subfield>
   <subfield code="e">20201019</subfield>
   <subfield code="h">302.23 ΣΚΑ</subfield>
   <subfield code="p">00183679</subfield>
   <subfield code="q">00183679</subfield>
   <subfield code="t">LOAN</subfield>
   <subfield code="y">0</subfield>
   <subfield code="4">1</subfield>
  </datafield>
 </record>
</collection>
